| 000 | 02560nam0a22003251i 4500 | ||
|---|---|---|---|
| 001 | v19\rc\1471941 | ||
| 005 | 20260406012503.0 | ||
| 035 | _a(NLR Aleph) 005227125 | ||
| 090 |
_a5566229 _c5566229 |
||
| 100 | _a20060620g18771889|||y0rusy50 ca | ||
| 101 | 0 | _arus | |
| 102 | _aRU | ||
| 105 | _ay j ||||| | ||
| 200 | 1 |
_aИсторическая хрестоматия по русской истории _eПособие для преп. и учеников ст. кл. сред. учеб. заведений _fСост. Я.Г. Гуревичем и Б.А. Павловичем. Ч. 1-3 |
|
| 210 |
_aСанкт-Петербург _cтип. М-ва пут. сообщ. (А. Бенке) _d1877-1889 |
||
| 215 |
_a3 т. _d24 |
||
| 300 | _aЧ. 3 напеч. в тип. В.С. Балашева | ||
| 300 | _aЧ. 3 изд. 1-го, 2-го и 3-го сост. Я.Г. Гуревичем, дир. С.-Петерб. частной гимназии и Реального училища Гуревича | ||
| 327 | 1 | _aСодерж.: Ч. 1. Восточные славяне и Русь до начала государственной жизни ее; История России от первых князей до Иоанна Грозного. Ч. 2. История России от Иоанна Грозного до Петра Великого. Ч. 3. Время Петра Великого | |
| 464 | 0 |
_12001#$aВосточные славяне и Русь до начала государственной жизни ее$aИстория России от первых князей до Иоанна Грозного$aИстория России от Иоанна Грозного до Петра Великого$aВремя Петра Великого _1702#0$3RU\NLR\AUTH\778743$7ca$aИван$cцарь русский$dIV$f1530-1584$4570 _1702#0$3RU\NLR\AUTH\778862$7ca$aПетр$cимператор российский$dI$f1672-1725$4570 _tВремя Петра Великого |
|
| 700 | 1 |
_4220 _8rus _7ca _aГуревич _bЯ. Г. _cисторик, педагог _f1843-1906 _gЯков Григорьевич _3RU\NLR\AUTH\77117772 _9100697 |
|
| 701 | 1 |
_4220 _8rus _7ca _aПавлович _bБ. А. _f1840-1878 _gБорис Антонович _3RU\NLR\AUTH\77117992 _9100917 |
|
| 801 | 0 |
_aRU _bNLR _c20060620 _gpsbo |
|
| 801 | 0 |
_aRU _bRuMoRGB _c20060620 _2psbo |
|
| 801 | 1 |
_aRU _bProSoft-M _c20060620 _2rusmarc |
|
| 801 | 2 |
_aRU _bNLR _c20121205 _2rusmarc |
|
| 852 |
_aNLR _j18.17.8.29(ч. 1-2) |
||
| 852 |
_aNLR _j18.57.8.23(ч. 3) |
||
| 852 |
_aNLR _j131/438(ч. 1, 3) |
||
| 942 | _cBOOK | ||